Smart things to know about strategy / (Record no. 5561)

MARC details
000 -LEADER
fixed length control field 00548nac a22001811u 4500
020 ## - INTERNATIONAL STANDARD BOOK NUMBER
International Standard Book Number 1841120340
082 ## - DEWEY DECIMAL CLASSIFICATION NUMBER
Classification number 658.4012
Item number KOC
090 ## - LOCALLY ASSIGNED LC-TYPE CALL NUMBER (OCLC); LOCAL CALL NUMBER (OCLC)
-- 5561
-- 5561
100 ## - MAIN ENTRY--PERSONAL NAME
Personal name Koch, Richard,
245 ## - TITLE STATEMENT
Title Smart things to know about strategy /
Statement of responsibility, etc Richard Koch.
260 ## - PUBLICATION, DISTRIBUTION, ETC. (IMPRINT)
Place of publication, distribution, etc Oxford :
Name of publisher, distributor, etc Capstone, 1999.
Date of publication, distribution, etc 1999
300 ## - PHYSICAL DESCRIPTION
Extent xiv,232p. ;
Dimensions 21cm.
500 ## - GENERAL NOTE
General note Includes index.
500 ## - GENERAL NOTE
General note distributer: Al-Ahram
511 ## - PARTICIPANT OR PERFORMER NOTE
Participant or performer note catalogued by: wessam
650 ## - SUBJECT ADDED ENTRY--TOPICAL TERM
Topical term or geographic name as entry element Strategic planning.
942 ## - ADDED ENTRY ELEMENTS (KOHA)
Item type Book - Borrowing
Call number prefix 658.4012 KOC
Holdings
Withdrawn status Item status Damaged status Not for loan Home library Current library Shelving location Date acquired Source of acquisition Total Checkouts Full call number Barcode Date last seen Koha item type
        Central Library Central Library First floor 31/10/2007 Purchase 1 658.4012 KOC 000006713 15/07/2025 Book - Borrowing